000 00522nam a2200181Ia 4500
999 _c5874
_d5874
003 OSt
005 20200810115330.0
008 190216s9999||||xx |||||||||||||| ||und||
020 _a8120312228
040 _coclc
082 _a001.424
_bTAH/O
100 _aTaha, Hamdy A
_93996
245 0 _aOperations Reasearch An Introduction /
_cHamdy A Taha
250 _a6th Ed.
260 _bPrentice Hall Of India,
_c2000.
_aNew Delhi:
300 _a916p
942 _cBK
_2ddc
_h001.424
_iTAH/O
_k001.424
_mTAH/O